|
|
|
|
| LEADER |
01337nab#a2200337#ar4500 |
| 001 |
000067113 |
| 003 |
SVKKK |
| 005 |
19980120xxxxxxx. |
| 008 |
06 c xo huno |
| FMT |
|
|
|
| 038 |
|
|
|a SVKKK
|
| 040 |
|
|
|a SVKKK
|b slo
|e AACR2
|
| 041 |
0 |
|
|a hun
|
| 044 |
|
|
|a xo
|c SK
|
| 080 |
|
|
|a 352
|
| 080 |
|
|
|a 631.55/.58
|
| 080 |
|
|
|a 663/664
|
| 100 |
1 |
|
|a Halgas, Koloman
|4 XXX
|
| 242 |
1 |
0 |
|a Oznámenie
|
| 245 |
1 |
0 |
|a Hirdetmény
|c Koloman Halgas
|
| 500 |
|
|
|a Kálmán
|
| 520 |
2 |
|
|a Mlynár Jozef Majkuth z Rožňavy, ktorý vlastní mlyn na László köz ulici č. 445, plánuje rozšíriť ho a zaviesť plynové poháňacie motory. Koloman (Kálmán) Halgas, zastupujúci mestskú správu v Rožňave, informuje verejnosť mesta o možnosti prezrieť si pozemok 7.03.1912 v doprovode odborníkov a tak isto sú zverejnené k nahliadnutiu stavebné plány.
|
| 650 |
0 |
4 |
|a Majkuth, Jozef (mlynár) - Rožňava - pôsobenie - február 1912 - modernizácia pripravovaná - Halgas, Koloman (zástupca mestský) - plány stavebné - 10.02.1912 - zverejnenie - pripomienkovanie umožmené - inzerát
|
| 773 |
0 |
|
|t Sajó-Vidék : Vegyestartalmú hetilap
|g Roč. 15, č. 8 (22.02.1912) s. 4
|
| 957 |
|
|
|a Rožňava
|
| 958 |
|
|
|a DG
|
| 958 |
|
|
|a SK
|
| 974 |
|
|
|a ebl
|d 19980120
|
| 992 |
|
|
|a RBX
|
| BAS |
|
|
|
| 998 |
|
|
|a RETRO
|